Les 15 meilleurs passeurs de liga (saison 2023-2024) - Statistiques

Statistiques générales
  • Ce quiz a été pris 35 fois
  • Le résultat moyen est 9 sur 15
Statistiques - réponses
Classement
Nombre de
passes
décisives
Équipe Joueur % Correct
10 8 Real Madrid Toni Kroos
94%
7 8 Barcelone Robert Lewandowski
91%
6 9 Barcelone Raphinha$
88%
15 6 Atletico Madrid Antoine Griezmann
85%
2 11 Athletic Bilbao Nico Williams
79%
3 10 Celta Vigo Iago Aspas
74%
4 10 Gérone Savio
68%
9 8 Gérone Artem Dovbyk
65%
14 7 Real Madrid Federico Valverde
62%
5 9 Barcelone Ilkay Gundogan
50%
1 14 Villarreal Alex Baena
41%
12 7 Gérone Victor Tsygankov
35%
8 8 Gérone Yan Couto
29%
11 7 Gérone Miguel Gutierrez
15%
13 7 Getafe Diego Rico
6%
Aucun quiz correspondant
Distribution des résultats
% des personnes avec chaque résultat
Percentile par nombre de réponses
Votre historique - résultats
Vous n’avez pas pris ce quiz